| 000 | 00696cam a22002173a 4500 | ||
|---|---|---|---|
| 001 | 45727 | ||
| 003 | PGUSA | ||
| 005 | 20140828084047.0 | ||
| 008 | 140523s2014||||xxu|||||s|||||000 | eng d | ||
| 040 |
_aPGUSA _beng |
||
| 042 | _adc | ||
| 100 | 1 |
_aGoldfrap, John Henry, _d1879-1917 |
|
| 245 | 1 | 4 |
_aThe Boy Aviators with the Air Raiders : _bA Story of the Great World War _h[electronic resource] / _cJohn Henry Goldfrap |
| 260 |
_bProject Gutenberg, _c2014 |
||
| 506 | _aPublic domain in the USA. | ||
| 516 | _aElectronic text | ||
| 700 | 1 |
_aWrenn, Charles L. _q(Charles Lewis), _d1880-1952 |
|
| 830 | 0 |
_aProject Gutenberg _v45727 |
|
| 856 | 4 | 0 | _uhttp://www.gutenberg.org/ebooks/45727 |
| 942 | _cEB | ||
| 999 |
_c274977 _d274977 |
||